000 00434nam a2200181Ia 4500
001 4988
005 20260306145835.0
008 260306t2013||||xx |||||||||||||| ||spa||
041 _aESP
082 _a332.4985
_bC78A
100 _aCorrales López, César
_eAUT
245 0 _aEl Banco de Arequipa 1871 - 1882
260 _c2013
300 _a103 páginas :
_c24 cm.
650 _aGEN
654 _aCAN
942 _cLIB
_dJUS
_fJUS
_2ddc
_n
999 _c4988
_d4988